<?xml version="1.0" encoding="UTF-8"?>
<record
    xmlns:xsi="http://www.w3.org/2001/XMLSchema-instance"
    xsi:schemaLocation="http://www.loc.gov/MARC21/slim http://www.loc.gov/standards/marcxml/schema/MARC21slim.xsd"
    xmlns="http://www.loc.gov/MARC21/slim">

  <leader>02890cam a2200277   4500500</leader>
  <controlfield tag="005">20251228064917.0</controlfield>
  <datafield tag="041" ind1=" " ind2=" ">
    <subfield code="a">fre</subfield>
  </datafield>
  <datafield tag="042" ind1=" " ind2=" ">
    <subfield code="a">dc</subfield>
  </datafield>
  <datafield tag="100" ind1="1" ind2="0">
    <subfield code="a">Andrieu, Bernard</subfield>
    <subfield code="e">author</subfield>
  </datafield>
  <datafield tag="245" ind1="0" ind2="0">
    <subfield code="a">Les corps participants, agence &#xE9;pist&#xE9;mique et &#xE9;cologie exp&#xE9;rientielle dans les recherches en STAPS depuis 2000</subfield>
  </datafield>
  <datafield tag="260" ind1=" " ind2=" ">
    <subfield code="c">2011.
							</subfield>
  </datafield>
  <datafield tag="500" ind1=" " ind2=" ">
    <subfield code="a">20</subfield>
  </datafield>
  <datafield tag="520" ind1=" " ind2=" ">
    <subfield code="a">R&#xE9;sum&#xE9;La m&#xE9;thode &#xE9;pist&#xE9;mologique de l&#x2019;enqu&#xEA;te de terrain est venue hybrider la recherche en cr&#xE9;ant une anthropo-sociologie du corps, le sport et le loisir devenant des moyens d&#x2019;&#xE9;tudier le mode de vie. La diff&#xE9;rence entre l&#x2019;observation participante et la participation observante dans l&#x2019;anthropo-sociologie du sport se trouve dans l&#x2019;engagement du chercheur dans son propre corps.</subfield>
  </datafield>
  <datafield tag="520" ind1=" " ind2=" ">
    <subfield code="a">The participating body, new epistemic agent in Staps&#x2019;s research The epistemological method of the survey of ground came to cross the search by creating an anthropo-sociology of the body, the sport and the leisure becoming means to study the lifestyle. The difference between the participating observation and the observant participation in the anthroposociology of the sport is in the commitment of the researcher in its own body.</subfield>
  </datafield>
  <datafield tag="520" ind1=" " ind2=" ">
    <subfield code="a">ResumenEl m&#xE9;todo epistemol&#xF3;gico de la investigaci&#xF3;n en terreno ha venido para hibridar la investigaci&#xF3;n creando una antropo-sociolog&#xED;a del cuerpo con el deporte y el ocio como medios para estudiar el modo de vida. Dentro de la antropo-sociolog&#xED;a del deporte la diferencia entre la observaci&#xF3;n participativa y la participaci&#xF3;n observante se encuentra en el compromiso del investigador dentro de su propio cuerpo.</subfield>
  </datafield>
  <datafield tag="520" ind1=" " ind2=" ">
    <subfield code="a">ZusammenfassungDie epistemologische Methode der Feldforschung hat eine hybride Forschung hervorgebracht, indem sie eine Anthroposoziologie des K&#xF6;rpers geschaffen hat, wobei der Sport und die Freizeit zum Mittel geworden sind, um Lebensstile zu erforschen. Der Unterschied zwischen der teilnehmenden Beobachtung und der beobachtenden Teilnahme in der Anthroposoziologie des Sports liegt darin, dass der Forscher seinen eigenen K&#xF6;rper miteinbezieht.</subfield>
  </datafield>
  <datafield tag="520" ind1=" " ind2=" ">
    <subfield code="a">RiassuntoIl metodo epistemologico dell&#x2019;inchiesta di campo &#xE8; venuta a ibridare la ricerca creando una antropo-sociologia del corpo, in cui lo sport e il loisir diventano dei mezzi per studiare il modo di vita. La differenza tra l&#x2019;osservazione partecipante e la partecipazione osservante nell&#x2019;antropo-sociologia dello sport si trova nell&#x2019;investimento del ricercatore nel suo proprio corpo.</subfield>
  </datafield>
  <datafield tag="690" ind1=" " ind2=" ">
    <subfield code="a">anthropo-sociologie</subfield>
  </datafield>
  <datafield tag="690" ind1=" " ind2=" ">
    <subfield code="a">corps</subfield>
  </datafield>
  <datafield tag="690" ind1=" " ind2=" ">
    <subfield code="a">observation participante</subfield>
  </datafield>
  <datafield tag="690" ind1=" " ind2=" ">
    <subfield code="a">body</subfield>
  </datafield>
  <datafield tag="690" ind1=" " ind2=" ">
    <subfield code="a">observant participation</subfield>
  </datafield>
  <datafield tag="690" ind1=" " ind2=" ">
    <subfield code="a">sociological anthropology</subfield>
  </datafield>
  <datafield tag="786" ind1="0" ind2=" ">
    <subfield code="n">Staps | 91 | 1 | 2011-03-15 | p. 77-86 | 0247-106X</subfield>
  </datafield>
  <datafield tag="856" ind1="4" ind2="1">
    <subfield code="u">https://shs.cairn.info/revue-staps-2011-1-page-77?lang=fr&amp;redirect-ssocas=7080</subfield>
  </datafield>
  <datafield tag="999" ind1=" " ind2=" ">
    <subfield code="c">1590410</subfield>
    <subfield code="d">1590410</subfield>
  </datafield>
</record>
